Najwięcej samobójstw w Europie - Statystyki

Ogólne statystyki
  • Ten quiz został rozwiązany 269 razy
  • Średni wynik to 12 z 15
Statystyki odpowiedzi
Ilość samobójstw Kraj % Poprawnych
14 Polska
98%
12 Niemcy
96%
14 Francja
88%
30 Litwa
88%
19 Łotwa
88%
12 Szwecja
88%
16 Estonia
87%
13 Czechy
85%
13 Finlandia
81%
17 Belgia
77%
14 Austria
76%
17 Chorwacja
75%
21 Słowenia
75%
19 Węgry
69%
14 Luksemburg
53%
Nie znaleziono quizów pasujących do podanych kryteriów
Rozkład punktacji
Procent ludzi z każdym wynikiem
Percentyl według liczby udzielonych odpowiedzi
Twoja historia wyników
Nie rozwiązałeś tego quizu